000 00422nam a2200193Ia 4500
003 0100
008 130303s9999 xx 000 0 und d
040 _cARRUPELIB
050 _aHB71.R6
100 _aRobinson, Joan
245 _aEconomic philosophy
260 _aMiddlesex
260 _bPenguin Books
260 _C1962
300 _a135p
650 _bModern philosophy
700 _aJoan Robinson
942 0 0 _03
999 _c43950
_d43950